000
00312nam a22001457a 4500
008
210609b ||||| |||| 00| 0 eng d
020
_a
9780878936953
041
_a
eng
080
_2
5th
_a
616.8
082
_a
616.8
100
_a
7
101
_a
TRU
245
_a
Neuro science
_c
Dale Purves
942
_2
udc
_c
BK
999
_c
58107
_d
58107